| 000 | 00424nam a22001337a 4500 | ||
|---|---|---|---|
| 008 | 230501b |||||||| |||| 00| 0 eng d | ||
| 040 |
_aNational Science Library _cNational Science Library |
||
| 080 |
_a678.5 _bK2 |
||
| 245 |
_aIntroducing plastics _c/ Imperial Chemical Industries Limited |
||
| 260 |
_aEngland: _bImperial Chemical Industries Limited, _c1962 |
||
| 300 | _a26p. | ||
| 650 | _aIndustries | ||
| 942 |
_2udc _cREF |
||
| 999 |
_c25505 _d25505 |
||